Biblioteca ESET

El ejercicio de Derechos Humanos frente a la Violencia Institucional : | Guia de Herramientas para Agentes Territoriales (Registro nro. 1486)

Detalles MARC
000 -CABECERA
fixed length control field 00956nam a22002417a 4500
003 - CONTROL NUMBER IDENTIFIER
control field AR-BeUNQ
005 - FECHA Y HORA DE LA ULTIMA TRANSACCION
control field 20260506194201.0
008 - ELEMENTOS DE LONGITUD FIJA-INFORMACION GENERAL
fixed length control field 260506b |||||||| |||| 00| 0 spa d
020 ## - NUMERO INTERNACIONAL NORMALIZADO PARA LIBROS
Número Internacional Normalizado del libro 9789874526649
040 ## - FUENTE DE CATALOGACION
Agencia de catalogación original AR-BeUNQ
Agencia que realiza la transcripción AR-BeUNQ
Convenciones de la descripción aacr
082 ## - NUMERO DE CLASIFICACION DECIMAL DEWEYMBER
Número de la edición 21
Número de clasificación 342.7 EJE
110 #1 - ASIENTO PRINCIPAL-NOMBRE CORPORATIVO
Nombre corporativo o de jurisdicción como elemento de entrada SUSSECRETARIA DE DERECHOS HUMANOS DE LA PROVINCIA DE BUENOS AIRES
245 ## - MENCION DE TITULO
Título El ejercicio de Derechos Humanos frente a la Violencia Institucional :
Otra información sobre el título Guia de Herramientas para Agentes Territoriales
Mención de responsabilidad, etc Marina Vega.
250 ## - MENCION DE EDICION
Mención de edición 1a.ed
260 ## - PUBLICACION, DISTRIBUCION, ETC.
Lugar de publicación, distribución, etc. La Plata :
Nombre del editor, distribuidor, etc. Ministerio de Justicia de la Provincia de Buenos Aires ,
Fecha de publicación, distribución, etc 2021.
300 ## - DESCRIPCION FISICA
Extensión 59 p.
Dimensiones 21 x 15 cm
490 ## - MENCION DE SERIE
Mención de serie Derechos Humanos.
650 ## - ASIENTO SECUNDARIO DE MATERIA - TERMINO TEMATICO
Término temático o nombre geográfico como elemento de entrada Derechos Humanos
Fuente del encabezamiento o términ spines
651 ## - ASIENTO SECUNDARIO DE MATERIA - NOMBRE GEOGRAFICO
Fuente del encabezamiento o término unescot.
Nombre geográfico Argentina
856 ## - LOCALIZACION Y ACCESO ELECTRONICOS
Materials specified https://www.educ.ar/recursos/126387/los-derechos-humanos-frente-a-la-violencia-institucional
929 ## - DATOS DE ADQUISICION
Procedencia DONACION
Proveedor Zlatar, Tatiana
Orden de compra 0
Precio 0
Fecha de recibido 2025
Patrimonio UNQ PAT0084952
Número de inventario 63770
942 ## - ELEMENTOS DE PUNTO DE ACCESO ADICIONAL (KOHA)
Tipo de ítem Koha Libros
Existencias
Estado de retiro Estado de pérdida Ubicación permanente Ubicación actual Ubicación en estantería Fecha de ingreso Total Checkouts Signatura topográfica completa Inventario Date last seen Tipo de ítem Koha Operador
    Biblioteca ESET - UNQ Biblioteca ESET - UNQ CIRCULACION 06/05/2026   323 SUN 63770 06/05/2026 Libros Gladys Alarcon

ESET UNQ

☏ 4365-7188
 Avenida República de Francia 1714 entre Doctor Kenny y Concordia, Ezpeleta, Bs As.
✉ secretaria_eset@unq.edu.ar

Con tecnología Koha